01122nam a2200193Ia 4500001001100000003001000011008004100021040002500062041001300087100001700100245003500117250001100152260008600163300001200249500026000261501011400521520026000635650003300895L840-49780IT-CnALBA170116s9999||||xx |||||||||||||| ||und|| aIT-CnALBAcIT-CnALBA aITALIANO aMALOUF DAVID 0aRITORNO A BABILONIA. ROMANZO.  a1a ed. aTORINObFRASSINELLI TIPOGR. EDIT. c1997 [1° Ed.:1997 - Ed.Ling.Originale: 1993] a217 p.  aTRADUZIONE DALL'INGLESE. MITI POESIA STORIA DI VASTO E ANTICO CONTINENTE. SPIRITO D'AVVENTURA. STORIA UNIVERSALE. VIOLENZA DEL MONDO COME ESPRESSA DA GOYA. ESALTAZIONE DELLA GENTILEZZA D'ANIMO. STORIA DI GEMMY, UN BIANCO ABBANDONATO DA UNA NAVE SULLE COST aSocietà San Paolo EM - Piazza San Paolo, 14 - 12051 ALBA (CN) (non commercial uses only) ® Copyright 2017 aTRADUZIONE DALL'INGLESE. MITI POESIA STORIA DI VASTO E ANTICO CONTINENTE. SPIRITO D'AVVENTURA. STORIA UNIVERSALE. VIOLENZA DEL MONDO COME ESPRESSA DA GOYA. ESALTAZIONE DELLA GENTILEZZA D'ANIMO. STORIA DI GEMMY, UN BIANCO ABBANDONATO DA UNA NAVE SULLE COST aLETTERATURA FRANCESE E ALTRE